00468nam a2200193 a 4500001001300000003000900013005001700022008004100039020000900080082001600089100001500105245002200120260004500142300000900187500003500196505001300231650001500244700001500259nice12345678IN_TiNIC20260116012626.0050524s1981 newa grp 000 0 eng  ac5000a954.92bKHA aKhatib, Al aWho Killed Mujib? aNew DelhibVikas Publication Housec1981 a216p aincludes index and biblioraphy2 aEpilouge aBangladesh1 aKhatib, Al